header

Confronting the new conservatism (Record no. 4020)

MARC details
000 -LEADER
fixed length control field 02858nam a2200409 a 4500
082 04 - DEWEY DECIMAL CLASSIFICATION NUMBER
Classification number 320.520973
245 00 - TITLE STATEMENT
Title Confronting the new conservatism
260 ## - PUBLICATION, DISTRIBUTION, ETC. (IMPRINT)
Place of publication New York :
Name of publisher New York University Press,
Year of publication c2007.
300 ## - PHYSICAL DESCRIPTION
Number of Pages vii, 304 p.
505 0# - FORMATTED CONTENTS NOTE
Formatted contents note Introduction: confronting the new conservatism / Michael J. Thompson. Pt. I. What is the new conservatism? America's conservative landscape: the new conservatism and the reorientation of American democracy / Michael J. Thomspn -- Cultural rage and the right-wing intellectuals / Philip Green -- Considerations on the origins of neoconservatism: looking backward / Stanley Aronowitz -- The new political right in the United States: reaction, rollback, and resentment / Chip Berlet. Pt. II. The new conservatism at home. From neoconservative to new right: American conservatives and the welfare state / Charles Noble -- Tearing down the wall: conservative use and abuse of religion in politics / Diana M. Judd -- Paradox or contradiction: the marriage mythos in neoconservative ideology / R. Claire Snyder -- The neoconservative assault on the courts: how worried should we be? / Thomas M. Keck. Pt. III. The global reach of the new neoconservative ideology. The imperial presidency: the legacy of Reagan's Central America policy / Greg Grandin -- The neocon con game: nihilism revisited / Nicholas Xenos -- One-dimensional men: neoconservatives, their allies and models / Lawrence Davidson -- Resisting the right: challenging the neoconservative agenda / Stephen Eric Bronner.
650 #0 - SUBJECT ADDED ENTRY--TOPICAL TERM
Topical Term Conservatism
Topical Term Political culture
Topical Term Political parties
700 1# - ADDED ENTRY--PERSONAL NAME
Personal name Thompson, Michael,
856 40 - ELECTRONIC LOCATION AND ACCESS
Uniform Resource Identifier http://site.ebrary.com/lib/rucke/Doc?id=10280027

No items available.

© 2026 Rongo University
Contact us: librarian | system librarian | Rongo university